000 01595pam a2200325 a 4500
001 419
003 BD-RjUL
005 20211208233157.0
008 820913s1982 ne a 100 0 eng
020 _a0444865055 (Elsevier Science Pub. Co.)
035 _a(BD-RjUL) 435
040 _aDLC
_cDLC
_dDLC
_beng
041 _aeng
082 0 0 _a020
_219
_bINF
245 0 0 _aInformation and the transformation of society :
_bpapers from the first joint international conference of the Institute of Information Scientists and the American Society for Information Science, held at St. Patrick's College, Dublin, Ireland, 28-30 June, 1982 /
_cedited by G.P. Sweeney.
260 _aAmsterdam ;
_aNew York :
_bNorth-Holland Pub. Co. ;
_aNew York, N.Y. :
_bSole distributors for the U.S.A. and Canada, Elsevier Science Pub. Co.,
_cc1982.
300 _aix, 367 p. :
_bill. ;
_c24 cm.
500 _aPapers from the Conference in Information and the Transformation of Society.
526 _bLibrary science
650 0 _aInformation science
_xSocial aspects
_xCongresses.
_91301
650 0 _aInformation services
_xSocial aspects
_xCongresses.
_91302
700 1 _aSweeney, G. P.
_q(Gerald Patrick),
_d1928-
_91303
710 2 _aInstitute of Information Scientists.
_91304
710 2 _aAmerican Society for Information Science.
_91305
711 2 _aConference on Information and the Transformation of Society
_n(1st :
_d1982 :
_cSt. Patrick's College, Dublin)
_91306
942 _2ddc
_cBK
999 _c419
_d419